000 00903nam a2200277 ia4500
005 20260406102018.0
008 260406b my a jr 000 0 may d
020 _a9789673889884
_cRM4.90
_qpaperback
040 _aPPAK
_beng
_cPPAK
_erda
082 0 4 _a297.5
_223
090 0 0 _a297.5
_bJOM
_dK
245 0 0 _aJOM BUAT BAIK :
_bKENALI SIFAT TERPUJI
264 1 _aKuala Lumpur :
_bTELAGA BIRU SDN. BHD.,
_c[date of publication not identified]
300 _a16 pages :
_bcolour illustrations ;
_c26 cm
336 _atext
_2rdacontent
336 _astill image
_2rdacontent
337 _aunmediated
_2rdamedia
338 _avolume
_2rdacarrier
490 1 _aSIRI GEN PINTAR
500 _aContains quotes from the Hadith
650 1 0 _aIslamic ethics
650 2 0 _aReligious life
_xIslam
650 2 0 _aConduct of life
_xIslam
830 0 _aSiri gen pintar
942 _2ddc
_cB
999 _c203703
_d203703